Buff ducks / (Record no. 6861)

MARC details
000 -LEADER
fixed length control field 01323cam a22003617a 4500
001 - CONTROL NUMBER
control field 6861
003 - CONTROL NUMBER IDENTIFIER
control field FISKH
005 - DATE AND TIME OF LATEST TRANSACTION
control field 20250828145320.0
008 - FIXED-LENGTH DATA ELEMENTS--GENERAL INFORMATION
fixed length control field 120403s2013 flua j 000 1 eng d
010 ## - LIBRARY OF CONGRESS CONTROL NUMBER
LC control number 2012936763
020 ## - INTERNATIONAL STANDARD BOOK NUMBER
International Standard Book Number 9781618101716 (hard cover : alk. paper)
020 ## - INTERNATIONAL STANDARD BOOK NUMBER
International Standard Book Number 1618101714 (hard cover : alk. paper)
020 ## - INTERNATIONAL STANDARD BOOK NUMBER
International Standard Book Number 9781618103048 (soft cover)
020 ## - INTERNATIONAL STANDARD BOOK NUMBER
International Standard Book Number 1618103040 (soft cover)
035 ## - SYSTEM CONTROL NUMBER
System control number (OCoLC)ocn792870482
040 ## - CATALOGING SOURCE
Original cataloging agency BTCTA
Language of cataloging eng
Transcribing agency BTCTA
Modifying agency DLC
050 ## - LIBRARY OF CONGRESS CALL NUMBER
Classification number M47885
082 ## - DEWEY DECIMAL CLASSIFICATION NUMBER
Classification number 613.0432
100 1# - MAIN ENTRY--PERSONAL NAME
Personal name McKenzie, Precious,
Dates associated with a name 1975-
245 10 - TITLE STATEMENT
Title Buff ducks /
Statement of responsibility, etc. by Precious McKenzie ; illustrated by John Reasoner.
260 ## - PUBLICATION, DISTRIBUTION, ETC.
Place of publication, distribution, etc. Florida :
Name of publisher, distributor, etc. Rourke Educational Media,
Date of publication, distribution, etc. 2013.
300 ## - PHYSICAL DESCRIPTION
Extent 24 pages :
Other physical details color illustrations ;
Dimensions 21 cm
490 1# - SERIES STATEMENT
Series statement Little birdie books
505 ## - FORMATTED CONTENTS NOTE
Formatted contents note aa<br/>
520 ## - SUMMARY, ETC.
Summary, etc. Beautifully Illustrated, This Book Teaches Students The Importance Of How Staying Active Keeps Them Healthy. Teaching Focus, Words To Know Before You Read, Comprehension And Extension Activities. Inside Front And Back Cover Parent And Teacher Support.
521 8# - TARGET AUDIENCE NOTE
Target audience note 20<br/>
Source Lexile<br/>
521 8# - TARGET AUDIENCE NOTE
Target audience note aa<br/>
Source Raz-Plus<br/>
650 ## - SUBJECT ADDED ENTRY--TOPICAL TERM
Topical term or geographic name entry element Fitness
Form subdivision Movement
700 1# - ADDED ENTRY--PERSONAL NAME
Personal name Reasoner, John.
Relationship ill
906 ## - LOCAL DATA ELEMENT F, LDF (RLIN)
a 7
b cbc
c copycat
d 4
e epcn
f 20
g y-gencatlg
942 ## - ADDED ENTRY ELEMENTS (KOHA)
Source of classification or shelving scheme Dewey Decimal Classification
Koha item type Books
Suppress in OPAC No
Holdings
Withdrawn status Lost status Source of classification or shelving scheme Damaged status Not for loan Collection Home library Current library Shelving location Date acquired Total Checkouts Full call number Barcode Date last seen Copy number Price effective from Koha item type Date due Date last checked out
    Dewey Decimal Classification     Juvenile Fiction Footprints International School Library Network Toul Kork Campus Footprints International School Library Network Toul Kork Campus TK Primary Library Room(4th Floor), Bookcase 7, Shelves 57-60, Dark Green Books 06/03/2025   MCK 613.0432 M47885 FISTK00935 06/03/2025 1 06/03/2025 Books    
    Dewey Decimal Classification     Juvenile Fiction Footprints International School Library Network Toul Tom Poung Campus Footprints International School Library Network Toul Tom Poung Campus TTP Primary Green Bookshelves 08/28/2025 1 MCK 613.0432 M47885 FIS02756 01/14/2026 2 08/28/2025 Books 01/28/2026 01/14/2026